[Event "GBR-ch108 Major Open"]
[Site "Torquay"]
[Date "2022.08.17"]
[Round "5"]
[White "Cox, Toby"]
[Black "Sanger, Jake M"]
[Result "1/2-1/2"]
[WhiteElo "1702"]
[BlackElo "1639"]
[PlyCount "117"]
[EventDate "2022.08.13"]
[EventType "swiss"]
[EventRounds "9"]
[EventCountry "GBR"]
[SourceTitle "BritBase"]
[Source "John Saunders"]
[SourceDate "2021.06.05"]
[SourceVersion "1"]
[SourceVersionDate "2021.06.05"]
[SourceQuality "1"]

1. e4 c5 2. d4 cxd4 3. c3 d3 4. Bxd3 Nc6 5. c4 g6 6. Nf3 Bg7 7. O-O d6 8. h3
Nf6 9. Nc3 O-O 10. Qe2 Nd7 11. Bd2 Nde5 12. Rac1 Nxf3+ 13. Qxf3 Bd7 14. Rfd1
Rc8 15. b3 Kh8 16. Nd5 e6 17. Nf4 Qe7 18. Bb1 Rcd8 19. Be3 b6 20. Nd3 Nd4 21.
Bxd4 Bxd4 22. Re1 Qg5 23. Qf4 Qxf4 24. Nxf4 g5 25. Nd3 f5 26. e5 Bc8 27. Nb4
Bb7 28. exd6 Rxd6 29. Nc2 Bb2 30. Rcd1 Rfd8 31. Rxd6 Rxd6 32. Ne3 h5 33. Kf1 f4
34. Rd1 Rd4 35. Rxd4 Bxd4 36. Nc2 Bc3 37. Na3 a6 38. Bg6 h4 39. f3 Kg7 40. Bd3
Kf6 41. Ke2 Ke5 42. Bg6 Bd4 43. Bh5 Bc6 44. Kd3 Bc5 45. Nb1 b5 46. Nc3 bxc4+
47. bxc4 a5 48. Ne4 Be7 49. Bg6 a4 50. Nd2 Bd8 51. Be4 Be8 52. c5 Bb5+ 53. Nc4+
Kf6 54. Kd4 Bc7 55. c6 Ke7 56. Kc5 Ba6 57. Bc2 a3 58. Ba4 Bxc4 59. Kxc4 1/2-1/2

[Event "GBR-ch108 Major Open"]
[Site "Torquay"]
[Date "2022.08.17"]
[Round "5"]
[White "Garnett, John S"]
[Black "Novak, Vjekoslav"]
[Result "0-1"]
[WhiteElo "1916"]
[BlackElo "1663"]
[PlyCount "86"]
[EventDate "2022.08.13"]
[EventType "swiss"]
[EventRounds "9"]
[EventCountry "GBR"]
[SourceTitle "BritBase"]
[Source "John Saunders"]
[SourceDate "2021.06.05"]
[SourceVersion "1"]
[SourceVersionDate "2021.06.05"]
[SourceQuality "1"]

1. d4 f5 2. Bg5 h6 3. Bh4 g5 4. e4 Bg7 5. Qh5+ Kf8 6. Bg3 Nf6 7. Qf3 fxe4 8.
Qe3 d5 9. h4 c5 10. hxg5 cxd4 11. Qf4 hxg5 12. Rxh8+ Bxh8 13. Qxg5 Nc6 14. Ne2
Be6 15. Be5 Qb6 16. b3 Kf7 17. c3 Rg8 18. Qf4 Nxe5 19. Qxe5 Ng4 20. Qf4+ Ke8
21. f3 Ne3 22. Na3 dxc3 23. Ng3 Nxf1 24. Nxf1 Rxg2 25. Ne3 Be5 26. Qh6 Bg3+ 27.
Kf1 Rf2+ 28. Kg1 Rxf3 29. Nac4 Bf2+ 30. Kg2 Qc7 31. Qh8+ Rf8 32. Qh5+ Kd8 33.
Nxd5 Qg3+ 34. Kh1 Qf3+ 35. Qxf3 Rxf3 36. Ne5 Rg3 37. Nf4 Bg4 38. Rf1 e3 39.
Nxg4 Rxg4 40. Nd3 c2 41. Rc1 e2 42. Nxf2 Rd4 43. Kg2 Rd1 0-1

[Event "GBR-ch108 Major Open"]
[Site "Torquay"]
[Date "2022.08.17"]
[Round "5"]
[White "Cordova-Lopez, Diego Anton"]
[Black "Foster, Timothy"]
[Result "1-0"]
[WhiteElo "1471"]
[BlackElo "1766"]
[PlyCount "77"]
[EventDate "2022.08.13"]
[EventType "swiss"]
[EventRounds "9"]
[EventCountry "GBR"]
[SourceTitle "BritBase"]
[Source "John Saunders"]
[SourceDate "2021.06.05"]
[SourceVersion "1"]
[SourceVersionDate "2021.06.05"]
[SourceQuality "1"]

1. e4 c5 2. Nf3 d6 3. d4 cxd4 4. Nxd4 Nf6 5. Nc3 g6 6. Be3 Bg7 7. f3 O-O 8. Qd2
Nc6 9. O-O-O d5 10. Kb1 Nxd4 11. e5 Nf5 12. exf6 exf6 13. Nxd5 Nxe3 14. Qxe3
Be6 15. Bc4 f5 16. Qa3 Re8 17. Bb5 Bxd5 18. Bxe8 Bxa2+ 19. Qxa2 Qxe8 20. Rhe1
Qb5 21. Re7 Rf8 22. Qb3 Qc5 23. Rdd7 Qg1+ 24. Ka2 Qf1 25. Qd3 Qxd3 26. cxd3 Bf6
27. Re2 Rb8 28. Rc2 Be5 29. h3 a6 30. d4 Bf6 31. Rcc7 b5 32. d5 b4 33. Rxf7 b3+
34. Ka3 Be5 35. Rb7 Rd8 36. Rfd7 Rc8 37. Kxb3 h5 38. Re7 Bf6 39. Re6 1-0

[Event "GBR-ch108 Major Open"]
[Site "Torquay"]
[Date "2022.08.17"]
[Round "5"]
[White "Khoury, Theo"]
[Black "Jakhria, Kushal"]
[Result "0-1"]
[WhiteElo "1444"]
[BlackElo "1367"]
[PlyCount "78"]
[EventDate "2022.08.13"]
[EventType "swiss"]
[EventRounds "9"]
[EventCountry "GBR"]
[SourceTitle "BritBase"]
[Source "John Saunders"]
[SourceDate "2021.06.05"]
[SourceVersion "1"]
[SourceVersionDate "2021.06.05"]
[SourceQuality "1"]

1. e4 c5 2. Nf3 Nc6 3. d4 cxd4 4. Nxd4 Nf6 5. Nc3 e5 6. Ndb5 d6 7. Bg5 a6 8.
Na3 b5 9. Nd5 Be7 10. Bxf6 Bxf6 11. c3 Bg5 12. Nc2 Rb8 13. Bd3 a5 14. Qe2 b4
15. Bb5 Bd7 16. cxb4 axb4 17. O-O O-O 18. Bxc6 Bxc6 19. Ncxb4 Bb5 20. Qg4 Bd2
21. a3 Bxf1 22. Nc6 Qg5 23. Qxg5 Bxg5 24. Nxb8 Bb5 25. a4 Bxa4 26. Rxa4 Rxb8
27. b4 Rc8 28. g3 Rc1+ 29. Kg2 h5 30. h4 Bd2 31. b5 Rc2 32. b6 Rb2 33. Ra8+ Kh7
34. Rd8 Be1 35. Rxd6 Bxf2 36. Kf3 Bc5 37. Ne3 Bxd6 38. Nc4 Rb3+ 39. Kg2 Bb8 0-1

[Event "GBR-ch108 Major Open"]
[Site "Torquay"]
[Date "2022.08.17"]
[Round "5"]
[White "Hickman, John E"]
[Black "Humphreys, Jerry G"]
[Result "1/2-1/2"]
[WhiteElo "1832"]
[BlackElo "1942"]
[PlyCount "82"]
[EventDate "2022.08.13"]
[EventType "swiss"]
[EventRounds "9"]
[EventCountry "GBR"]
[SourceTitle "BritBase"]
[Source "John Saunders"]
[SourceDate "2021.06.05"]
[SourceVersion "1"]
[SourceVersionDate "2021.06.05"]
[SourceQuality "1"]

1. e4 c5 2. Nf3 e6 3. d3 Nc6 4. g3 g6 5. Bg2 Bg7 6. O-O d6 7. c3 e5 8. a3 Nge7
9. b4 a6 10. Be3 b6 11. d4 exd4 12. cxd4 Bg4 13. bxc5 bxc5 14. Qa4 O-O 15. Nbd2
Bd7 16. Qc4 Nxd4 17. Nxd4 cxd4 18. Bf4 Bb5 19. Qb4 Bxf1 20. Rxf1 Be5 21. Bh6
Re8 22. f4 Rb8 23. Qa4 Bg7 24. Bxg7 Kxg7 25. Qxd4+ f6 26. Nc4 Nc8 27. g4 Rb5
28. g5 Qe7 29. gxf6+ Qxf6 30. e5 dxe5 31. fxe5 Qe7 32. Nd6 Nxd6 33. exd6+ Qe5
34. Qa7+ Kh6 35. Qxa6 Rd8 36. Rd1 Qe2 37. Rf1 Rb2 38. Qxe2 Rxe2 39. Rd1 Ra2 40.
Rd3 Kg5 41. d7 Kf6 1/2-1/2

[Event "GBR-ch108 Major Open"]
[Site "Torquay"]
[Date "2022.08.17"]
[Round "5"]
[White "Norinkeviciute, Rasa"]
[Black "Davis, Timothy"]
[Result "1-0"]
[WhiteElo "1837"]
[BlackElo "1660"]
[PlyCount "115"]
[EventDate "2022.08.13"]
[EventType "swiss"]
[EventRounds "9"]
[EventCountry "GBR"]
[SourceTitle "BritBase"]
[Source "John Saunders"]
[SourceDate "2021.06.05"]
[SourceVersion "1"]
[SourceVersionDate "2021.06.05"]
[SourceQuality "1"]

1. c4 e6 2. g3 d5 3. Bg2 d4 4. d3 c5 5. Nf3 Nc6 6. O-O Nf6 7. e4 e5 8. h3 Be7
9. Nh2 Nd7 10. f4 g5 11. fxg5 Nf8 12. Qh5 Be6 13. Ng4 Ng6 14. Bd2 Qb6 15. b3
Nb4 16. Bxb4 Qxb4 17. Nh6 a5 18. a4 Qxb3 19. Ra3 Qc2 20. Nf5 Ra6 21. h4 Rb6 22.
Qd1 Qxd1 23. Rxd1 Bd7 24. Nd2 Rb4 25. Rb1 Bd8 26. Nd6+ Ke7 27. Nf5+ Kf8 28. Nd6
Ke7 29. Nb5 Nf8 30. Rf1 b6 31. Nf3 Bxb5 32. cxb5 Nd7 33. Bh3 Bc7 34. Bxd7 Kxd7
35. Nd2 Bd8 36. Rxf7+ Ke6 37. Rf5 Bc7 38. Nc4 Rg8 39. Rf6+ Ke7 40. Rc6 Kd7 41.
Rf6 Ke7 42. Kg2 Rf8 43. Rh6 Rf7 44. g6 hxg6 45. Rxg6 Rb1 46. Ra2 Rff1 47. h5
Kf7 48. Rc6 Bd8 49. Nxe5+ Kg7 50. Rg6+ Kh7 51. Rd6 Bg5 52. Rf2 Rxf2+ 53. Kxf2
Rb4 54. Rxb6 Rxa4 55. Ra6 Bd2 56. Nc4 Ra2 57. Kf3 Bc3 58. e5 1-0

[Event "GBR-ch108 Major Open"]
[Site "Torquay"]
[Date "2022.08.17"]
[Round "5"]
[White "Li, Ethan"]
[Black "Menadue, Jeremy F S"]
[Result "1/2-1/2"]
[WhiteElo "1553"]
[BlackElo "2008"]
[PlyCount "103"]
[EventDate "2022.08.13"]
[EventType "swiss"]
[EventRounds "9"]
[EventCountry "GBR"]
[SourceTitle "BritBase"]
[Source "John Saunders"]
[SourceDate "2021.06.05"]
[SourceVersion "1"]
[SourceVersionDate "2021.06.05"]
[SourceQuality "1"]

1. e4 Nf6 2. e5 Nd5 3. d4 d6 4. Nf3 g6 5. Be2 Bg7 6. O-O O-O 7. c4 Nb6 8. Nc3
dxe5 9. Nxe5 c6 10. Bf4 Be6 11. b3 N8d7 12. Nf3 Bg4 13. Rc1 h6 14. h3 Bxf3 15.
Bxf3 e5 16. dxe5 Nxe5 17. Be2 Qe7 18. Re1 Rad8 19. Qc2 Qh4 20. Bg3 Qd4 21. Red1
Qc5 22. Ne4 Qe7 23. f4 Ned7 24. Bf2 Nf6 25. Bf3 Nxe4 26. Qxe4 Qxe4 27. Bxe4 f5
28. Bf3 Kf7 29. a4 Bb2 30. Rxd8 Bxc1 31. Rxf8+ Kxf8 32. g3 Bd2 33. Kf1 Nc8 34.
Ke2 Bb4 35. Kd3 Ke7 36. g4 Ke6 37. gxf5+ gxf5 38. Bd4 Bf8 39. Kc3 c5 40. Be5 b6
41. Bb7 Nd6 42. Bd5+ Kd7 43. Kd3 Be7 44. Bg7 h5 45. Bf3 h4 46. Bc3 Ne8 47. a5
Bf6 48. Be1 Ng7 49. Bd1 Ne6 50. Ke3 Bd4+ 51. Kf3 Bf6 52. axb6 1/2-1/2

[Event "GBR-ch108 Major Open"]
[Site "Torquay"]
[Date "2022.08.17"]
[Round "5"]
[White "Volovich, Julia"]
[Black "Fowler, Hugo"]
[Result "1-0"]
[WhiteElo "1625"]
[BlackElo "1686"]
[PlyCount "107"]
[EventDate "2022.08.13"]
[EventType "swiss"]
[EventRounds "9"]
[EventCountry "GBR"]
[SourceTitle "BritBase"]
[Source "John Saunders"]
[SourceDate "2021.06.05"]
[SourceVersion "1"]
[SourceVersionDate "2021.06.05"]
[SourceQuality "1"]

1. d4 Nf6 2. c4 g6 3. Nc3 d5 4. cxd5 Nxd5 5. e4 Nxc3 6. bxc3 Bg7 7. Nf3 c5 8.
Rb1 O-O 9. Be2 b6 10. O-O Bb7 11. Qd3 Ba6 12. Qe3 Bxe2 13. Qxe2 cxd4 14. cxd4
Nc6 15. d5 Ne5 16. Nxe5 Bxe5 17. Bh6 Bg7 18. Bxg7 Kxg7 19. Rbd1 Qd7 20. f4 e6
21. d6 e5 22. fxe5 Rac8 23. Rc1 Kg8 24. Qd2 Qb5 25. Qd5 Rc5 26. Rxc5 Qxc5+ 27.
Kh1 Kg7 28. h3 h6 29. Kh2 h5 30. Qxc5 bxc5 31. Rc1 Rc8 32. Rxc5 Rxc5 33. d7
Rxe5 34. d8=Q Rxe4 35. Qa5 Re7 36. Qc5 Rd7 37. Qc6 Re7 38. h4 Re6 39. Qc3+ Kg8
40. Qd4 a6 41. a4 Kh7 42. a5 Kg8 43. Kg3 Kf8 44. Kf4 Ke7 45. Qc5+ Kf6 46. Qc3+
Ke7 47. Qc7+ Kf6 48. Qd8+ Kg7 49. Qd4+ Kf8 50. Kg5 Ke7 51. Qa7+ Kf8 52. Kh6 Rf6
53. Qd7 Re6 54. Qd8+ 1-0

[Event "GBR-ch108 Major Open"]
[Site "Torquay"]
[Date "2022.08.17"]
[Round "5"]
[White "McCarthy, Damian"]
[Black "Miller, George"]
[Result "0-1"]
[WhiteElo "1860"]
[BlackElo "1783"]
[PlyCount "120"]
[EventDate "2022.08.13"]
[EventType "swiss"]
[EventRounds "9"]
[EventCountry "GBR"]
[SourceTitle "BritBase"]
[Source "John Saunders"]
[SourceDate "2021.06.05"]
[SourceVersion "1"]
[SourceVersionDate "2021.06.05"]
[SourceQuality "1"]

1. e4 e5 2. Nf3 Nc6 3. d4 exd4 4. Bc4 Nf6 5. e5 d5 6. Bb5 Ne4 7. Nxd4 Bd7 8.
Bxc6 bxc6 9. O-O Bc5 10. f3 Ng5 11. f4 Ne4 12. Be3 Bb6 13. Nd2 Nxd2 14. Qxd2 c5
15. Nf3 d4 16. Bf2 Bc6 17. c4 dxc3 18. Qxc3 O-O 19. Bxc5 Bxf3 20. Rxf3 Qd5 21.
Bxb6 cxb6 22. Rd3 Qe6 23. a3 Rac8 24. Qd2 Qf5 25. Rd1 h5 26. b3 g6 27. a4 Kg7
28. Qf2 Rc7 29. h3 Rfc8 30. Kh2 Rc2 31. Qd4 Kh6 32. R3d2 R2c3 33. Rd3 Rc2 34.
R1d2 Rc1 35. Rf3 Qb1 36. Kg3 Rf1 37. Rxf1 Qxf1 38. Qd3 Qe1+ 39. Kh2 Rc1 40. Re2
Qf1 41. Qe3 h4 42. Qxc1 Qxc1 43. Rf2 Kg7 44. Rf3 Kf8 45. Rf2 Ke7 46. Rf3 Ke6
47. Rf2 Kf5 48. Rf3 Qxf4+ 49. Rxf4+ Kxf4 50. b4 Kxe5 51. g3 hxg3+ 52. Kxg3 Kd4
53. Kf4 Kc4 54. Ke5 f5 55. h4 Kxb4 56. Kf6 f4 57. Kxg6 f3 58. h5 f2 59. h6 f1=B
60. h7 Bd3+ 0-1

[Event "GBR-ch108 Major Open"]
[Site "Torquay"]
[Date "2022.08.17"]
[Round "5"]
[White "Phillips, Owen S"]
[Black "Wilson, Matthew R"]
[Result "1/2-1/2"]
[WhiteElo "1851"]
[BlackElo "1797"]
[PlyCount "53"]
[EventDate "2022.08.13"]
[EventType "swiss"]
[EventRounds "9"]
[EventCountry "GBR"]
[SourceTitle "BritBase"]
[Source "John Saunders"]
[SourceDate "2021.06.05"]
[SourceVersion "1"]
[SourceVersionDate "2021.06.05"]
[SourceQuality "1"]

1. Nf3 d5 2. b3 c5 3. e4 d4 4. Bb2 Nc6 5. Bb5 Bd7 6. c3 a6 7. Bxc6 Bxc6 8. cxd4
cxd4 9. d3 e5 10. Nbd2 Bd6 11. O-O Ne7 12. Nc4 Ng6 13. Nxd6+ Qxd6 14. a4 b5 15.
axb5 axb5 16. Rxa8+ Bxa8 17. Qd2 O-O 18. h4 Nf4 19. g3 Ne6 20. Qa5 Rb8 21. Rc1
f6 22. Ba3 b4 23. Bxb4 Qxb4 24. Rc8+ Kf7 25. Qa7+ Rb7 26. Qxa8 Qxb3 27. Rc1
1/2-1/2

[Event "GBR-ch108 Major Open"]
[Site "Torquay"]
[Date "2022.08.17"]
[Round "5"]
[White "Sadler, Ben"]
[Black "Duke, Dillan"]
[Result "0-1"]
[WhiteElo "1644"]
[BlackElo "1237"]
[PlyCount "84"]
[EventDate "2022.08.13"]
[EventType "swiss"]
[EventRounds "9"]
[EventCountry "GBR"]
[SourceTitle "BritBase"]
[Source "John Saunders"]
[SourceDate "2021.06.05"]
[SourceVersion "1"]
[SourceVersionDate "2021.06.05"]
[SourceQuality "1"]

1. Nf3 Nf6 2. g3 d5 3. Bg2 e6 4. O-O c5 5. d3 Nc6 6. Nbd2 Be7 7. e4 O-O 8. Re1
a6 9. e5 Nd7 10. Nf1 f6 11. exf6 Nxf6 12. Bf4 Bd6 13. Bxd6 Qxd6 14. Qe2 Bd7 15.
c3 Rae8 16. Ne5 Nxe5 17. Qxe5 Qb6 18. Ne3 Qxb2 19. Rab1 Qxf2+ 20. Kxf2 Ng4+ 21.
Kg1 Nxe5 22. d4 cxd4 23. cxd4 Nc6 24. Rxb7 Bc8 25. Rc7 Nxd4 26. h3 Nb5 27. Rc6
Rd8 28. Rd1 Rd6 29. Rxd6 Nxd6 30. Nxd5 exd5 31. Bxd5+ Kh8 32. Bg2 Nf5 33. Rd3
g6 34. g4 Ng7 35. Bf1 Ne6 36. Rd6 Nc7 37. Rc6 Rf7 38. Bc4 Rd7 39. Kf2 Kg7 40.
g5 Re7 41. h4 Kf8 42. Kf3 Bb7 0-1

[Event "GBR-ch108 Major Open"]
[Site "Torquay"]
[Date "2022.08.17"]
[Round "5"]
[White "Kumar, Soham"]
[Black "Dasgupta, Avyukt"]
[Result "1-0"]
[WhiteElo "1368"]
[BlackElo "1570"]
[PlyCount "53"]
[EventDate "2022.08.13"]
[EventType "swiss"]
[EventRounds "9"]
[EventCountry "GBR"]
[SourceTitle "BritBase"]
[Source "John Saunders"]
[SourceDate "2021.06.05"]
[SourceVersion "1"]
[SourceVersionDate "2021.06.05"]
[SourceQuality "1"]

1. e4 b6 2. d4 Bb7 3. Nc3 e6 4. Bd3 Ne7 5. Nge2 d6 6. O-O Nd7 7. f4 g6 8. f5
exf5 9. exf5 Bg7 10. Bg5 Bf6 11. Bh6 Ng8 12. Qd2 g5 13. Rae1 Nxh6 14. Nf4+ Kf8
15. Ne6+ fxe6 16. fxe6 Kg7 17. exd7 Rf8 18. Be4 Bxe4 19. Nxe4 Ng8 20. Nxf6 Nxf6
21. Qxg5+ Kh8 22. Re8 Qxd7 23. Qxf6+ Qg7 24. Rxf8+ Rxf8 25. Qxf8+ Qxf8 26.
Rxf8+ Kg7 27. Rc8 1-0

[Event "GBR-ch108 Major Open"]
[Site "Torquay"]
[Date "2022.08.17"]
[Round "5"]
[White "Collins, Jonathan"]
[Black "Fleri, Luke"]
[Result "1-0"]
[WhiteElo "1740"]
[BlackElo "1483"]
[PlyCount "163"]
[EventDate "2022.08.13"]
[EventType "swiss"]
[EventRounds "9"]
[EventCountry "GBR"]
[SourceTitle "BritBase"]
[Source "John Saunders"]
[SourceDate "2021.06.05"]
[SourceVersion "1"]
[SourceVersionDate "2021.06.05"]
[SourceQuality "1"]

1. d4 d5 2. Nf3 Nf6 3. Bf4 c5 4. e3 Nc6 5. Nbd2 e6 6. c3 Qb6 7. Rb1 Be7 8. Bd3
O-O 9. h3 c4 10. Bc2 Qa5 11. O-O b5 12. a3 Qb6 13. Qe2 a5 14. Ne5 b4 15. Nxc6
Qxc6 16. axb4 axb4 17. Ra1 Bb7 18. cxb4 Bxb4 19. Nf3 Ba6 20. Ne5 Qb6 21. Qf3 c3
22. Rfb1 cxb2 23. Rxa6 Rxa6 24. Rxb2 Qa5 25. Bg5 Ne4 26. Bh4 Bd6 27. Qh5 Qe1+
28. Kh2 Ra1 29. Bxe4 dxe4 30. Rb6 Bxe5+ 31. Qxe5 Qa5 32. Rb5 Qa7 33. Qxe4 Qc7+
34. Bg3 Qc1 35. Bd6 Re8 36. Rb7 Qc4 37. Qf3 e5 38. Bxe5 Qe6 39. Qg3 Qg6 40. h4
Ra5 41. Qxg6 hxg6 42. Kg3 Raxe5 43. dxe5 Rxe5 44. Rd7 Ra5 45. Kf3 Rf5+ 46. Ke2
Ra5 47. g4 f6 48. Kf3 g5 49. hxg5 Rxg5 50. e4 Ra5 51. Kf4 Kh7 52. f3 Kg6 53.
Rd6 Kh7 54. Rd5 Ra6 55. g5 Kg6 56. gxf6 gxf6 57. Rd1 Ra5 58. Rg1+ Kf7 59. Rd1
Ke6 60. Rd3 Rb5 61. Kg4 Rg5+ 62. Kf4 Ra5 63. Rb3 Rc5 64. Ke3 f5 65. Kd4 Rc6 66.
e5 Ra6 67. Rb4 Rc6 68. f4 Ra6 69. Rc4 Rb6 70. Rc5 Ra6 71. Ke3 Ra3+ 72. Kd4 Ra4+
73. Rc4 Ra6 74. Rc8 Ra4+ 75. Ke3 Ra3+ 76. Kf2 Kd5 77. Rd8+ Ke6 78. Rd6+ Ke7 79.
Rf6 Ra2+ 80. Kg3 Ra3+ 81. Kh4 Rf3 82. Kg5 1-0

[Event "GBR-ch108 Major Open"]
[Site "Torquay"]
[Date "2022.08.17"]
[Round "5"]
[White "Renshaw, Lucas"]
[Black "Walley, A Clive"]
[Result "0-1"]
[WhiteElo "1595"]
[BlackElo "1822"]
[PlyCount "68"]
[EventDate "2022.08.13"]
[EventType "swiss"]
[EventRounds "9"]
[EventCountry "GBR"]
[SourceTitle "BritBase"]
[Source "John Saunders"]
[SourceDate "2021.06.05"]
[SourceVersion "1"]
[SourceVersionDate "2021.06.05"]
[SourceQuality "1"]

1. e4 c5 2. Nf3 Nc6 3. d4 cxd4 4. Nxd4 Nf6 5. Nc3 e5 6. Ndb5 d6 7. Bg5 a6 8.
Bxf6 gxf6 9. Na3 b5 10. Nd5 f5 11. c3 Bg7 12. Bd3 Be6 13. Qh5 O-O 14. exf5 Bxd5
15. f6 e4 16. fxg7 Re8 17. Be2 Re5 18. Qh3 Qg5 19. Qg3 Be6 20. Nc2 Kxg7 21. a4
bxa4 22. Ne3 Rb8 23. O-O-O a3 24. b4 Nxb4 25. cxb4 Rxb4 26. Qxg5+ Rxg5 27. Kd2
Rb2+ 28. Ke1 a2 29. Ra1 Ra5 30. Rf1 d5 31. f3 Ra3 32. Ng4 Bxg4 33. fxg4 Re3 34.
Rf2 d4 0-1

[Event "GBR-ch108 Major Open"]
[Site "Torquay"]
[Date "2022.08.17"]
[Round "5"]
[White "Wheeler, James M"]
[Black "Adams, Henry"]
[Result "1-0"]
[WhiteElo "1791"]
[BlackElo "1473"]
[PlyCount "49"]
[EventDate "2022.08.13"]
[EventType "swiss"]
[EventRounds "9"]
[EventCountry "GBR"]
[SourceTitle "BritBase"]
[Source "John Saunders"]
[SourceDate "2021.06.05"]
[SourceVersion "1"]
[SourceVersionDate "2021.06.05"]
[SourceQuality "1"]

1. b4 d5 2. Bb2 Nf6 3. e3 Bf5 4. Nf3 e6 5. b5 Bd6 6. c4 Nbd7 7. cxd5 Nxd5 8.
Be2 Qe7 9. O-O O-O-O 10. Qa4 Kb8 11. Nd4 N5b6 12. Qd1 Ne5 13. a4 Qh4 14. f4 Ng4
15. Nf3 Qh6 16. a5 Nd5 17. b6 cxb6 18. axb6 Bc5 19. Qa4 Bxb6 20. Be5+ Ka8 21.
Na3 f6 22. Nc4 Bc5 23. Qxa7+ Bxa7 24. Rxa7+ Kxa7 25. Ra1# 1-0

[Event "GBR-ch108 Major Open"]
[Site "Torquay"]
[Date "2022.08.17"]
[Round "5"]
[White "Young, Daniel J"]
[Black "Chan, Michelle (Ngo Yu)"]
[Result "1-0"]
[WhiteElo "1810"]
[BlackElo "1243"]
[PlyCount "121"]
[EventDate "2022.08.13"]
[EventType "swiss"]
[EventRounds "9"]
[EventCountry "GBR"]
[SourceTitle "BritBase"]
[Source "John Saunders"]
[SourceDate "2021.06.05"]
[SourceVersion "1"]
[SourceVersionDate "2021.06.05"]
[SourceQuality "1"]

1. e4 e5 2. Nf3 Nc6 3. Bb5 a6 4. Ba4 Nf6 5. O-O d6 6. Re1 Bd7 7. c3 g6 8. d4
Qe7 9. d5 Nb8 10. Bxd7+ Nbxd7 11. c4 Bg7 12. Nc3 O-O 13. Rb1 h6 14. b4 Nh5 15.
Be3 Qe8 16. Nd2 f5 17. f3 f4 18. Bf2 g5 19. c5 Qg6 20. Nc4 Rab8 21. Na5 Ndf6
22. h3 Ng3 23. cxd6 cxd6 24. b5 h5 25. bxa6 bxa6 26. Nc6 Rbe8 27. Rb7 Rf7 28.
Rxf7 Kxf7 29. Qd3 g4 30. Bxg3 fxg3 31. fxg4 hxg4 32. Qxg3 gxh3 33. Qxg6+ Kxg6
34. gxh3 Rh8 35. Re3 Bh6 36. Rf3 Bf4 37. Ne7+ Kf7 38. Nf5 Rd8 39. Kf2 Bd2 40.
Ng3 Bxc3 41. Nh5 Bd4+ 42. Ke2 Kg6 43. Nxf6 Rf8 44. Ng4 Rxf3 45. Kxf3 Kg5 46.
Kg3 Bc3 47. Ne3 Be1+ 48. Kf3 Bb4 49. Nf5 a5 50. a4 Bc5 51. Ke2 Kf4 52. Kd3 Bb4
53. h4 Kg4 54. Kc4 Be1 55. Nxd6 Kxh4 56. Nf7 Kh5 57. d6 Kg6 58. d7 Bh4 59. d8=Q
Bxd8 60. Nxd8 Kf6 61. Kd5 1-0

[Event "GBR-ch108 Major Open"]
[Site "Torquay"]
[Date "2022.08.17"]
[Round "5"]
[White "Ruane, Brendan J"]
[Black "Sivanandan, Bodhana"]
[Result "1/2-1/2"]
[WhiteElo "1697"]
[BlackElo "1436"]
[PlyCount "118"]
[EventDate "2022.08.13"]
[EventType "swiss"]
[EventRounds "9"]
[EventCountry "GBR"]
[SourceTitle "BritBase"]
[Source "John Saunders"]
[SourceDate "2021.06.05"]
[SourceVersion "1"]
[SourceVersionDate "2021.06.05"]
[SourceQuality "1"]

1. e4 e5 2. Nf3 Nc6 3. Nc3 Nf6 4. Bb5 d6 5. Bxc6+ bxc6 6. d4 exd4 7. Nxd4 c5 8.
Nde2 Be7 9. O-O O-O 10. Nf4 Bb7 11. f3 Nd7 12. Nfd5 Bxd5 13. Nxd5 Nb6 14. Nxe7+
Qxe7 15. Qd3 c6 16. c4 Rad8 17. b3 d5 18. cxd5 cxd5 19. exd5 Rxd5 20. Qc2 Rfd8
21. a4 Nd7 22. Rd1 Rxd1+ 23. Qxd1 Qe5 24. Ba3 Nf8 25. Qe1 Qd4+ 26. Kh1 Re8 27.
Qg1 Ne6 28. Qxd4 cxd4 29. Kg1 Rc8 30. b4 Rc2 31. Rc1 Rxc1+ 32. Bxc1 Kf8 33. Kf2
Ke7 34. Ke2 Kd6 35. Kd3 Kd5 36. g3 f5 37. f4 g6 38. Bb2 h6 39. h4 a6 40. a5 g5
41. hxg5 hxg5 42. fxg5 Nxg5 43. Bxd4 Ne4 44. Bg7 Nxg3 45. Ke3 Kc4 46. Bf8 Kb5
47. Kf4 Ne2+ 48. Kxf5 Nd4+ 49. Ke4 Nc6 50. Kd3 Nxb4+ 51. Bxb4 Kxb4 52. Kc2 Kxa5
53. Kb2 Kb4 54. Ka2 a5 55. Ka1 a4 56. Ka2 a3 57. Ka1 Kb3 58. Kb1 a2+ 59. Ka1
Ka3 1/2-1/2

[Event "GBR-ch108 Major Open"]
[Site "Torquay"]
[Date "2022.08.17"]
[Round "5"]
[White "Matthews, Adrian M S"]
[Black "Liu, Tianyi (Jack)"]
[Result "1/2-1/2"]
[WhiteElo "1932"]
[BlackElo "1529"]
[PlyCount "124"]
[EventDate "2022.08.13"]
[EventType "swiss"]
[EventRounds "9"]
[EventCountry "GBR"]
[SourceTitle "BritBase"]
[Source "John Saunders"]
[SourceDate "2021.06.05"]
[SourceVersion "1"]
[SourceVersionDate "2021.06.05"]
[SourceQuality "1"]

1. e4 c5 2. c3 d5 3. exd5 Qxd5 4. d4 Nf6 5. Nf3 Bg4 6. Nbd2 e6 7. Qa4+ Nbd7 8.
Bc4 Qh5 9. Ne5 Bd6 10. Nxd7 Nxd7 11. Ne4 Be7 12. Bb5 Rd8 13. Nxc5 Bxc5 14. dxc5
a6 15. Bxd7+ Rxd7 16. O-O Be2 17. Re1 Bb5 18. Qf4 O-O 19. Be3 f6 20. h3 Rfd8
21. Qg4 Qf7 22. a4 Bc6 23. Qg3 Rd3 24. Qh4 e5 25. Qg3 Qd7 26. Qg4 Qd5 27. c4
Qf7 28. Rad1 f5 29. Rxd3 Rxd3 30. Qe2 Qxc4 31. Bg5 Qd5 32. f3 Qxc5+ 33. Kh2 Rd5
34. Rc1 Qd6 35. Kh1 h6 36. Bh4 Kh8 37. Bg3 f4 38. Be1 Rd3 39. Bc3 Re3 40. Rd1
Rxe2 41. Rxd6 Kg8 42. a5 Kf7 43. Rd2 Rxd2 44. Bxd2 Ke6 45. Kg1 g5 46. Kf2 Kf5
47. g4+ fxg3+ 48. Kxg3 h5 49. Be3 Bb5 50. Kf2 Ba4 51. Kg3 Bd1 52. Kf2 g4 53.
hxg4+ hxg4 54. fxg4+ Bxg4 55. Ke1 Ke4 56. Kd2 Bd7 57. Bb6 Kd5 58. Ke3 Bf5 59.
Bc7 Bb1 60. Bd8 Kc4 61. Bf6 e4 62. Bc3 Kd5 1/2-1/2

[Event "GBR-ch108 Major Open"]
[Site "Torquay"]
[Date "2022.08.17"]
[Round "5"]
[White "Moss, Jack"]
[Black "Mize, Dylan"]
[Result "1-0"]
[WhiteElo "1707"]
[BlackElo "1538"]
[PlyCount "91"]
[EventDate "2022.08.13"]
[EventType "swiss"]
[EventRounds "9"]
[EventCountry "GBR"]
[SourceTitle "BritBase"]
[Source "John Saunders"]
[SourceDate "2021.06.05"]
[SourceVersion "1"]
[SourceVersionDate "2021.06.05"]
[SourceQuality "1"]

1. d4 Nf6 2. Nf3 e6 3. g3 b6 4. Bg2 Bb7 5. O-O Be7 6. c4 O-O 7. Nc3 Ne4 8. Qc2
Nxc3 9. Qxc3 f5 10. h4 Qc8 11. Rd1 d6 12. Bg5 Bxg5 13. Nxg5 Bxg2 14. Kxg2 Qe8
15. d5 e5 16. Ne6 Rf7 17. b4 c6 18. Rac1 Qc8 19. Kg1 Na6 20. Ng5 Rf6 21. dxc6
h6 22. Nf3 f4 23. Nh2 Qh3 24. a3 e4 25. Kh1 e3 26. Rf1 Raf8 27. gxf4 Rxf4 28.
Qxe3 Qxh4 29. Qg3 Qf6 30. Ng4 Qe6 31. Ne3 Qe4+ 32. Qg2 Rh4+ 33. Kg1 Qe6 34. Qd5
Qxd5 35. Nxd5 Rg4+ 36. Kh2 Nc7 37. Nxc7 Rf5 38. Rc3 Rh5+ 39. Rh3 Rhg5 40. Rg3
Rh5+ 41. Kg2 Rgh4 42. Nd5 Re5 43. Rc1 Kf7 44. Ne3 g5 45. c7 Re8 46. Nf5 1-0